Score 0/16 Timer 03:00
2 Plays Today
TV Show Missing Word % Correct
_____: ImpossibleMission
97.9%
The Six Million _____ ManDollar
95.9%
_____ SmartGet
91.8%
Mr. & Mrs. _____Smith
86%
Burn _____Notice
74.8%
La _____ NikitaFemme
69.4%
The Man Who _____ WasNever
67%
The Man from _____U.N.C.L.E.
65.2%
TV Show Missing Word % Correct
I _____Spy
59.5%
A _____ Called SloaneMan
57.4%
Agents of _____S.H.I.E.L.D.
56.6%
The _____ WomanBionic
49.6%
_____ and Mrs. KingScarecrow
42.9%
_____ AffairsCovert
40.5%
Acapulco _____H.E.A.T.
10%
_____ MatrixThreat
4.3%

Today's Daily Dose

Remove Ads.
Support Sporcle.
Get the best of Sporcle when you Go Orange. This ad-free experience offers more features, more stats, and more fun while also helping to support Sporcle. Thank you for becoming a member.

You're not logged in!

Compare scores with friends on all Sporcle quizzes.
OR
Log In

Show Comments

Extras

Top Quizzes Today


Score Distribution

Your Account Isn't Verified!

In order to create a playlist on Sporcle, you need to verify the email address you used during registration. Go to your Sporcle Settings to finish the process.

Report this User

Report this user for behavior that violates our Community Guidelines.

Details: